000 00589nam a2200217 a 4500
001 BRCA_7453
005 20190320205836.0
008 110413s1950----sp-a######---#000-0#eng-#
041 _aeng
044 _asp
050 4 _aND801
_b.S63 1950
245 1 0 _aSpanish paintings
_bEl Greco, Velazquez, Zurbaran, Goya.
260 _aParís
_bChene
_c1950
300 _a1 v. (sin paginación)
_bil. a color, 8 láminas
500 _aQ209
650 1 4 _aPintura española
_97790
650 1 4 _aPinturas españolas
_97789
650 1 4 _aPintores españoles
_97620
902 _aGFM
942 _2lcc
_cB
999 _c7129
_d7129